| 000 | 00789cam a2200253 4500 | ||
|---|---|---|---|
| 008 | 090401t1990 xxu||||| |||| 00| 0 eng d | ||
| 020 | _a010216990X | ||
| 035 | _a(Sirsi) u73863 | ||
| 041 | _aeng | ||
| 050 | _a711.52 | ||
| 110 |
_aUnited Kingdom _bNational Audit Office _91350 |
||
| 245 | _aReport by the Comptroller and Auditor General : regenerating the inner cities. Ordered by the House of Commons to be printed 24 January 1990 | ||
| 260 |
_aLondon _bHMSO _c1990 |
||
| 300 | _a38p. ; 30cm. | ||
| 350 | _a7.9 | ||
| 490 |
_aHCP _v169 |
||
| 650 | _aDEPARTMENT OF EMPLOYMENT | ||
| 650 | _aDEPARTMENT OF THE ENVIRONMENT | ||
| 650 | _aDEPARTMENT OF TRADE AND INDUSTRY | ||
| 650 | _aINNER CITY REDEVELOPMENT | ||
| 650 | _aURBAN PROGRAMME | ||
| 942 | _n0 | ||
| 948 | _c04/03/1997 | ||
| 999 |
_c95721 _d95721 |
||